01070nam a2200193 a 4500090002100000041000800021100003400029110006600063245012700129260005800256300001000314520031000324650002500634650002600659662002700685700003700712773011200749999001500861 aIAVHb00765 CD-1 aspa aMorales Rivas, Mónica95324 bCorporación Autónoma Regional de Cundinamarca, CAR992546 aEstudio preliminar de análisis de representatividad ecosistémica de las áreas protegidas en jurisdicción de la CAR aBogotábCARbInstituto Alexander von Humboldtc2004 a65 p. aEn la primera parte se hace una revisión del tema de representatividad, del marco conceptual de este trabajo y de la metodología utilizada. En la segunda parte se presenta una síntesis de los resultados alcanzados incluyendo tablas, gráficos y mapas, éstos últimos en el anexo de este informe. aBiodiversidad992204 aConservación992401 aColombiabCundinamarca aArmenteras Pascual, Dolors958920 0598699704abdBogotá Informatica documental 2007o024802tInformes de investigaciones IAVH en PDFwxz c6045d6045